Spell the Marvel Character #296 - Statistics

General Stats
  • This quiz has been taken 11 times
  • The average score is 5 of 6
Answer Stats
Picture Answer % Correct
Captain Marvel
100%
Ms. Marvel
100%
Iron Fist
91%
Ironheart
82%
Mimic
82%
Mondo
27%
No matching quizzes found
Score Distribution
Percent of People with Each Score
Percentile by Number Answered
Your Score History
You have not taken this quiz